Himpunan cerita-cerita pembina akhlak & kata-kata hikmah untuk putera puteri muslim : susunan, Mohd Najib, Nur Fayizah.

Other Authors: Mohd. Najib, Nur Fayizah
Series:Siri mutiara iman
Subjects:
LEADER 01256cam a2200337 7i4500
001 0000059593
005 20230319090000.0
008 230319s2007 my a ### #00001may##
020 # # |a 9832179556  
020 # # |a 983217953X  
020 # # |a 9832179548  
040 # # |a UMT   |b eng   |c UMT   |d PNM   |e rda 
090 0 0 |a BP 88   |b .H56 2007 
245 0 0 |a Himpunan cerita-cerita pembina akhlak & kata-kata hikmah untuk putera puteri muslim :   |b susunan, Mohd Najib, Nur Fayizah. 
264 # 0 |a Puchong, Selangor:   |b Berlian Publications Sdn. Bhd.,   |c 2007 
300 # # |a 3 v.:   |b illustrations;   |c 22cm 
336 # # |a text --   |2 rdacontent 
337 # # |a unmediated --   |2 rdamedia 
338 # # |a volume --   |2 rdacarrier 
490 0 # |a Siri mutiara iman 
590 # # |a Pusat Pendidikan Asas dan Liberal 
650 0 0 |a Islamic stories  
650 0 0 |a Islamic stories, Malay  
700 0 # |a Mohd. Najib  
700 0 # |a Nur Fayizah  
999 |a 1100053459  |b Book  |c Open Shelf  |e KOLEKSI TERBUKA 
999 |a 1100053458  |b Book  |c Open Shelf  |e KOLEKSI TERBUKA 
999 |a 1100053455  |b Book  |c Open Shelf  |e KOLEKSI TERBUKA 
999 |a 1100053456  |b Book  |c Open Shelf  |e KOLEKSI TERBUKA 
999 |a 1100053457  |b Book  |c Open Shelf  |e KOLEKSI TERBUKA 
999 |a 1100053460  |b Book  |c Open Shelf  |e KOLEKSI TERBUKA